| 000 | 00497cam a2200181ua 4500 | ||
|---|---|---|---|
| 020 |
_a81-85116-27-x _c240.00 |
||
| 041 |
_aeng _h |
||
| 082 |
_a631.8 _bTAN/FE |
||
| 100 | _aTandon , H.L.S . | ||
| 245 |
_aFertiliser management in food crops / _cH.L.S Tandon. _hTextual Documents |
||
| 260 |
_aNewdelhi : _bFertiliser Development Consultation Organisation , _c1993. |
||
| 300 | _a192 ; . | ||
| 365 | _a240.00 | ||
| 504 | _a | ||
| 942 | _cBK | ||
| 999 |
_c350 _d350 |
||